书目信息 |
| 题名: |
大学生法律实务
|
|
| 作者: | 陈海霞 著 | |
| 分册: | ||
| 出版信息: | 北京 华龄出版社 2006.06 |
|
| 页数: | 343页 | |
| 开本: | 21cm | |
| 丛书名: | 当代学者人文论丛 | |
| 单 册: | ||
| 中图分类: | D92 | |
| 科图分类: | ||
| 主题词: | 法律--fa lu--高等学校--教材 | |
| 电子资源: | ||
| ISBN: | 7-80178-387-5 | |
| 000 | 00880nam 2200265 450 | |
| 001 | 012008709734 | |
| 005 | 20080423084949.62 | |
| 010 | @a7-80178-387-5@dCNY32.00 | |
| 100 | @a20080423d2006 km y0chiy0120 ea | |
| 101 | 0 | @achi |
| 102 | @aCN@b110000 | |
| 105 | @ac an 000yy | |
| 106 | @ar | |
| 200 | 1 | @a大学生法律实务@Ada xue sheng fa lu shi wu@f陈海霞著@Fchen hai xia zhu |
| 210 | @a北京@c华龄出版社@d2006.06 | |
| 215 | @a343页@c肖像@d21cm | |
| 225 | 2 | @a当代学者人文论丛@Adang dai xue zhe ren wen lun cong@h第12辑 |
| 320 | @a有书目 (第342-343页)。 | |
| 330 | @a本书主要内容包括:行政刑事法律实篇,民商经济法律实务篇,诉讼程序法律操作篇,法律文书写作实例篇。 | |
| 410 | 0 | @12001 @a当代学者人文论丛 |
| 606 | 0 | @a法律@Afa lu@x高等学校@j教材 |
| 690 | @aD92@v4 | |
| 701 | 0 | @a陈海霞@Achen hai xia@4著 |
| 801 | 0 | @aCN@bQSSK@c20080423 |
| 905 | @b20701770-72@dD92@eC437@f3 | |
| 大学生法律实务/陈海霞著.-北京:华龄出版社,2006.06 |
| 343页:肖像;21cm.-(当代学者人文论丛.第12辑) |
| ISBN 7-80178-387-5:CNY32.00 |
| 本书主要内容包括:行政刑事法律实篇,民商经济法律实务篇,诉讼程序法律操作篇,法律文书写作实例篇。 |
| ● |
| 相关链接 |
|
|
|
正题名:大学生法律实务
索取号:D92/C437
 
预约/预借
| 序号 | 登录号 | 条形码 | 馆藏地/架位号 | 状态 | 备注 |
| 1 | 701770 | 207017707 | 社科库509/509社科库 82排8列3层/ [索取号:D92/C437] | 在馆 | |
| 2 | 701771 | 207017716 | 社科库509/509社科库 82排8列3层/ [索取号:D92/C437] | 在馆 | |
| 3 | 701772 | 207017725 | 法学院资料室/ [索取号:D92/C437] | 在馆 |